000 00223nam a22000857a 4500
008 160719b xxu||||| |||| 00| 0 eng d
100 _93054
_a Barton, G
245 _aDeveloping Poetry Skills
260 _aLondon
_bHeine Mann
_c1998
999 _c2617
_d2617